000 00284nam a2200097Ia 4500
008 220204s9999 xx 000 0 und d
082 _a31(035)(540)
_bSTA
245 0 _aStatistical handbook of the Indian union. 1958
260 _aNew Delhi
_bCentral Statistical Bureau
_c1959
942 _cBK
999 _c19898
_d19898